000 00583nam a2200193 a 4500
005 20140412111310.0
008 010424s19uu xx 00 eng d
020 _a0-8037-2031-9
050 _aTR(PS E
_bMy99 1997
100 _aRoth, Susan L.
245 _aMy Love for you /
_cSusan L. Roth.
260 _aNew York :
_bDial Books for Young Readers,
_c1997.
300 _a1v. (unp.) ; ill.
520 _aTwo mice walk along comparing love to animals from one bear to ten lovebirds.
650 _aLove-Fiction
650 _aMice-Fiction
650 _aCounting
999 _c103926
_d103926